Pasian hong guo khiatna : (Record no. 10934)

MARC details
000 -LEADER
fixed length control field 00460nam a22001697a 4500
003 - CONTROL NUMBER IDENTIFIER
control field GBCCL
005 - DATE AND TIME OF LATEST TRANSACTION
control field 20250917105846.0
008 - FIXED-LENGTH DATA ELEMENTS--GENERAL INFORMATION
fixed length control field 250917b |||||||| |||| 00| 0 eng d
040 ## - CATALOGING SOURCE
Transcribing agency GBC
082 ## - DEWEY DECIMAL CLASSIFICATION NUMBER
Classification number VER 234
Item number SMI 1
100 ## - MAIN ENTRY--PERSONAL NAME
Personal name Smith, J Oswald
245 ## - TITLE STATEMENT
Title Pasian hong guo khiatna :
Remainder of title the salvation of God in Tiddim chin
260 ## - PUBLICATION, DISTRIBUTION, ETC.
Place of publication, distribution, etc. New Delhi :
Name of publisher, distributor, etc. All India Prayer fellowship,
Date of publication, distribution, etc. 1975?
300 ## - PHYSICAL DESCRIPTION
Extent 155p. ;
650 ## - SUBJECT ADDED ENTRY--TOPICAL TERM
Source of heading or term Salvation
942 ## - ADDED ENTRY ELEMENTS (KOHA)
Source of classification or shelving scheme Dewey Decimal Classification
Koha item type Books
Suppress in OPAC No
Holdings
Withdrawn status Lost status Source of classification or shelving scheme Damaged status Not for loan Home library Current Library Shelving location Date acquired Total checkouts Full call number Barcode Date last seen Copy number Price effective from Koha item type
    Dewey Decimal Classification     GRACE BIBLE COLLEGE GRACE BIBLE COLLEGE Vernacular 2025-09-17   VER 234 SMI 021024 2025-09-17 c.1 2025-09-17 Books
© Grace Bible College Library 2025